<?xml version="1.0" encoding="UTF-8"?>
<collection xmlns="http://www.loc.gov/MARC21/slim">
 <record>
  <leader>02024nam a2200193Ia 4500</leader>
  <controlfield tag="001">CTU_166461</controlfield>
  <controlfield tag="008">210402s9999    xx            000 0 und d</controlfield>
  <datafield tag="082" ind1=" " ind2=" ">
   <subfield code="a">658.1522</subfield>
  </datafield>
  <datafield tag="082" ind1=" " ind2=" ">
   <subfield code="b">P954</subfield>
  </datafield>
  <datafield tag="245" ind1=" " ind2="0">
   <subfield code="a">Các nguyên tắc tăng cường quản trị công ty đối với các tổ chức ngân hàng =</subfield>
  </datafield>
  <datafield tag="245" ind1=" " ind2="0">
   <subfield code="b">Principles for enhancing corporate governance</subfield>
  </datafield>
  <datafield tag="245" ind1=" " ind2="0">
   <subfield code="c">Ủy ban Basel về Giám sát Ngân hàng</subfield>
  </datafield>
  <datafield tag="260" ind1=" " ind2=" ">
   <subfield code="a">Hồ Chí Minh</subfield>
  </datafield>
  <datafield tag="260" ind1=" " ind2=" ">
   <subfield code="b">Dự án quản trị công ty tại Việt Nam của IFC</subfield>
  </datafield>
  <datafield tag="260" ind1=" " ind2=" ">
   <subfield code="c">2010</subfield>
  </datafield>
  <datafield tag="520" ind1=" " ind2=" ">
   <subfield code="a">The Basel Committee on Banking Supervision (the Committee) has had a long-standing commitment to promoting sound corporate governance practices for banking organizations. It published initial guidance in 1999, with revised principles in 2006. The Committee’s guidance assists banking supervisors and provides a reference point for promoting the adoption of sound corporate governance practices by banking organizations in their countries. The principles also serve as a reference point for the banks’ own corporate governance efforts.Subsequent to the publication of the Committee’s 2006 guidance, there have been a number of corporate governance failures and lapses, many of which came to light during the financial crisis that began in mid-2007. Against this background, the Committee decided to revisit its 2006 guidance.With permission from the Bank for International Settlements (BIS), the IFC's Vietnam Corporate Governance Project has translated this new publication into Vietnamese with an aim to provide an international guidance in Vietnamese language for banking organizations in Vietnam to raise awareness and improve their own corporate governance practices.</subfield>
  </datafield>
  <datafield tag="650" ind1=" " ind2=" ">
   <subfield code="a">Corporate governance,Banks and banking, Cooperative,Quản trị công ty,Ngân hàng và nghiệp vụ ngân hàng, Hợp tác</subfield>
  </datafield>
  <datafield tag="904" ind1=" " ind2=" ">
   <subfield code="i">Đoan Trang, Trọng Hiếu</subfield>
  </datafield>
  <datafield tag="980" ind1=" " ind2=" ">
   <subfield code="a">Trung tâm Học liệu Trường Đại học Cần Thơ</subfield>
  </datafield>
 </record>
</collection>
